Chinese Hanzi (characters) to English - Statistics

General Stats
  • This quiz has been taken 1,481 times
  • The average score is 32 of 54
Answer Stats
Hint Answer % Correct
美国 America
87%
妈妈 Mother
84%
爸爸 Father
83%
Mouth
82%
日本 Japan
80%
英国 United Kingdom
80%
Horse
79%
Heart
77%
Hand
76%
Tea
76%
Eat
74%
Cat
73%
Door
73%
Flower
73%
北京 Beijing
72%
Speak
71%
黑色 Black
69%
红色 Red
69%
白色 White
69%
飞机 Airplane
68%
咖啡 Coffee
67%
Electric
67%
Wood
66%
哥哥 Older Brother
65%
上海 Shanghai
65%
加拿大 Canada
64%
Yuan
64%
生日快乐 Happy Birthday
63%
Language
62%
新年快乐 Happy New Year
61%
Write
61%
可口可乐 Coca-Cola
58%
西瓜 Watermelon
58%
苹果 Apple
54%
面条 Noodles
54%
手机 Cell Phone
53%
台湾 Taiwan
53%
意大利 Italy
52%
西安 Xian
52%
Tiger
51%
熊猫 Panda
50%
汉字 Chinese Character
45%
俄国 Russia
45%
豆腐 Tofu
45%
Bear
44%
巴西 Brazil
43%
墨西哥 Mexico
43%
Garden
40%
花木兰 Hua Mulan
35%
大卫 David
32%
墨笔 Ink Pen
31%
杰克 Jack
26%
加纳 Ghana
24%
金刚 King Kong
15%
No matching quizzes found
Score Distribution
Percent of People with Each Score
Percentile by Number Answered
Your Score History
You have not taken this quiz